000 00353nam a2200145Ia 4500
003 OSt
008 191201s2003 xx 000 0 und d
082 _a621.382
_bBHN
100 _aBHAKRABARTI, Abhijit
245 0 _aNetworks and Systems
260 _aNew Delhi
_bDhanpat Rai Pub (P) Ltd
_c2003
300 _aMISC
650 _aB.Tech(ECE)
942 _2ddc
_cBK
999 _c432
_d432